[Event "Berlin tt"]
[Site "Berlin-West"]
[Date "1980.??.??"]
[Round "?"]
[White "Zichichi, Alvise"]
[Black "De Bruycker, Bernard"]
[Result "1/2-1/2"]
[WhiteElo "2395"]
[BlackElo "2350"]

1.Nf3 c5 2.c4 Nf6 3.g3 b6 4.Bg2 Bb7 5.O-O e6 6.b3 Be7 7.Bb2 O-O 8.e3 d6 9.d4 Nbd7
10.Nc3 Ne4 11.Qc2 Nxc3 12.Bxc3 Qc7 13.Qb2 Bf6 14.Rfd1 Be4 15.Rac1 Qb7 16.Ne1 Bxg2
17.Nxg2 Rfd8 18.Qe2 Rac8 19.Ne1 Qa6 20.dxc5 dxc5  1/2-1/2

[Event "COL-ch"]
[Site "Bogota"]
[Date "1980.??.??"]
[Round "?"]
[White "Ruiz, Alciguel"]
[Black "Cuellar, Jorge"]
[Result "0-1"]
[WhiteElo "2200"]
[BlackElo "2200"]

1.Nf3 Nf6 2.c4 e6 3.g3 b6 4.Bg2 Bb7 5.O-O c5 6.Nc3 Be7 7.d4 cxd4 8.Nxd4 Bxg2
9.Kxg2 a6 10.e4 d6 11.Qe2 O-O 12.Rd1 Qc7 13.Be3 Nc6 14.Rac1 Rfd8 15.f3 Ne5
16.b3 Qb7 17.Bf2 Rac8 18.Na4 Nfd7 19.Nc3 Bf8 20.f4 Nc6 21.Kg1 Nc5 22.Nxc6 Qxc6
23.Rd2 h6 24.Rcd1 Be7 25.Bd4 Nd7 26.Nd5 Bf8 27.Nb4 Qa8 28.Nd3 b5 29.cxb5 axb5
30.Nf2 Qb7 31.Bb2 Rc6 32.f5 Re8 33.f6 g6 34.Qe3 Kh7 35.g4 Rec8 36.Nd3 Rc2
37.Ne1 Rxb2 38.Rxb2 Nxf6 39.Qf3 Nxe4 40.Rc2 Rxc2 41.Nxc2 d5 42.h4 Kg7 43.Kg2 Be7
44.h5 Ng5 45.Qg3 gxh5 46.gxh5 d4+ 47.Kg1 e5 48.Ne1 e4 49.Kf1 Bf6 50.Qd6 Ne6
51.Rd2 d3 52.Rg2+ Bg5 53.b4 Qc8  0-1

[Event "HUN-ch"]
[Site "Budapest"]
[Date "1980.??.??"]
[Round "?"]
[White "Schneider, Attila"]
[Black "Lukacs, Peter"]
[Result "1/2-1/2"]
[WhiteElo "2325"]
[BlackElo "2405"]

1.Nf3 Nf6 2.c4 c5 3.g3 b6 4.Bg2 Bb7 5.O-O e6 6.b3 Be7 7.Bb2 O-O 8.Nc3 d6
9.d4 cxd4 10.Nxd4 Bxg2 11.Kxg2 Qc8 12.e3 Nc6 13.Nxc6 Qxc6+ 14.Qf3 Qxf3+  1/2-1/2

[Event "Buenos Aires"]
[Site "Buenos Aires"]
[Date "1980.??.??"]
[Round "?"]
[White "Najdorf, Miguel"]
[Black "Giardelli, Sergio C"]
[Result "1/2-1/2"]
[WhiteElo "2510"]
[BlackElo "2300"]

1.Nf3 Nf6 2.c4 b6 3.g3 c5 4.Bg2 Bb7 5.O-O e6 6.Nc3 Be7 7.Re1 O-O 8.e4 d6
9.d4 cxd4 10.Nxd4 Qc8 11.b3 a6 12.Bb2 Nbd7 13.Qe2 Re8 14.Kh1 Bf8 15.Rad1 Qc7
16.Nc2 Rad8 17.f4 g6 18.g4 h6 19.Ne3 Qb8 20.Nf1 b5 21.cxb5 axb5 22.b4 Bc6
23.Nd2 Nb6 24.Nxb5 e5 25.Rc1 Bd7 26.Nc7 Re7 27.fxe5 dxe5 28.Na6 Qa8 29.b5 Bxb5
30.Qxb5 Rxd2 31.Ba3 Ra7 32.Bxf8 Rxa6 33.Bxh6 Rf2 34.Re2 Nxg4 35.Rxf2 Nxf2+
36.Kg1 Ng4 37.Bg5 Qa7 38.Qc5 Rxa2 39.h3 Ra5 40.Qc7 Qxc7 41.Rxc7 Ra1+ 42.Bf1 Nh2
43.Kxh2 Rxf1 44.Kg2 Re1 45.Bf6 Rxe4 46.Rc6 Rb4 47.Bxe5 Re4 48.Bf6 Re6 49.Rxe6 fxe6
50.Kg3 Nd7  1/2-1/2

[Event "Gausdal Int"]
[Site "Gausdal"]
[Date "1980.??.??"]
[Round "?"]
[White "Villeneuve, Alain"]
[Black "Karlsson, Lars"]
[Result "0-1"]
[WhiteElo "2260"]
[BlackElo "2405"]

1.c4 c5 2.Nf3 e6 3.g3 b6 4.Bg2 Bb7 5.O-O Nf6 6.d4 cxd4 7.Qxd4 Be7 8.Nc3 O-O
9.Rd1 d6 10.b3 Qc8 11.Ba3 Rd8 12.e4 Na6 13.Qe3 Nc5 14.Nd4 a6 15.Bb2 Bf8 16.Rac1 Qc7
17.h3 Rac8 18.Kh1 Qb8 19.Rc2 Qa8 20.f3 Re8 21.Rcd2 Ncd7 22.Qf2 Qb8 23.Nc2 Ba8
24.Bf1 Nc5 25.Re1 Re7 26.b4 Ncd7 27.Ne3 Ne5 28.Rc1 b5 29.Kh2 bxc4 30.a3 Rec7
31.Na2 Nxf3+ 32.Qxf3 Nxe4 33.Rdc2 Nc3 34.Qh5 Nxa2 35.Ng4 c3 36.Bd3  0-1

[Event "FRG-chT"]
[Site "Germany"]
[Date "1980.??.??"]
[Round "?"]
[White "Hecht, Hans Joachim"]
[Black "Dankert, Peter"]
[Result "0-1"]
[WhiteElo "2485"]
[BlackElo "2345"]

1.c4 Nf6 2.Nf3 b6 3.g3 Bb7 4.Bg2 c5 5.O-O e6 6.Nc3 Be7 7.Re1 d6 8.e4 Nbd7
9.d3 O-O 10.Ng5 Qc7 11.f4 h6 12.Nh3 Rfe8 13.Rf1 a6 14.g4 Nh7 15.Be3 Rad8
16.Qf3 Bc6 17.Qg3 Bf6 18.g5 hxg5 19.fxg5 Be5 20.Nf4 Ndf8 21.h4 Qe7 22.Rae1 b5
23.Re2 bxc4 24.dxc4 Rb8 25.Qg4 Bd4 26.Bxd4 cxd4 27.Ncd5 exd5  0-1

[Event "Malta ol (Men)"]
[Site "La Valetta"]
[Date "1980.??.??"]
[Round "?"]
[White "Pfleger, Helmut"]
[Black "Olafsson, Fridrik"]
[Result "0-1"]
[WhiteElo "2525"]
[BlackElo "2545"]

1.Nf3 c5 2.c4 Nf6 3.g3 b6 4.Bg2 Bb7 5.O-O e6 6.Nc3 Be7 7.d4 cxd4 8.Qxd4 d6
9.e4 O-O 10.Qe3 Nbd7 11.b3 a6 12.Bb2 Re8 13.h3 Qc7 14.Rfe1 Bf8 15.Nd4 Rad8
16.Rad1 Qb8 17.g4 g6 18.Qg3 Ba8 19.Bc1 Bg7 20.Qh4 Rc8 21.Qg3 Nc5 22.Kh1 e5
23.Nc2 b5 24.Nd5 bxc4 25.bxc4 Ncxe4 26.Bxe4 Nxe4 27.Rxe4 Bxd5 28.Rxd5 Qb1
29.Qd3 Qxc1+ 30.Kg2 f5 31.Re1 Qf4 32.gxf5 gxf5 33.Ne3 e4 34.Qd1 Be5 35.Rg1 Kh8
36.Kf1 Qh6 37.h4 Qxh4 38.Rxe5 dxe5 39.Qd7 Rg8 40.Rg3 Qh1+ 41.Ke2 Qh5+ 42.Ke1 f4
43.Rh3 Qg6 44.Ng4 e3 45.fxe3 Qb1+ 46.Ke2 Rcd8 47.Qxh7+ Qxh7  0-1

[Event "DSV-Turnier"]
[Site "Leipzig"]
[Date "1980.??.??"]
[Round "9"]
[White "Kirov, Nino"]
[Black "Vilela, Jose Luis"]
[Result "1/2-1/2"]
[WhiteElo "2455"]
[BlackElo "2410"]

1.Nf3 c5 2.g3 b6 3.Bg2 Bb7 4.O-O Nf6 5.c4 e6 6.Nc3 Be7 7.d3 O-O 8.e4 Nc6
9.b3 d6 10.Bb2 a6 11.Rc1 b5  1/2-1/2

[Event "Makarczyk mem"]
[Site "Lodz"]
[Date "1980.??.??"]
[Round "11"]
[White "Schmidt, Wlodzimierz"]
[Black "Spassov, Liuben"]
[Result "1/2-1/2"]
[WhiteElo "2440"]
[BlackElo "2450"]

1.Nf3 Nf6 2.c4 b6 3.g3 c5 4.Bg2 Bb7 5.O-O e6 6.Nc3 Be7 7.d4 cxd4 8.Qxd4 d6
9.b3 O-O 10.Bb2 Nbd7 11.e4 a6 12.Qe3 Re8 13.Nd4 Qc7 14.Rae1 Bf8 15.Qd2 g6
16.Kh1 Bg7 17.Re2 Rad8 18.Ba1  1/2-1/2

[Event "Makarczyk mem"]
[Site "Lodz"]
[Date "1980.??.??"]
[Round "13"]
[White "Schmidt, Wlodzimierz"]
[Black "Raaste, Eero J"]
[Result "1/2-1/2"]
[WhiteElo "2440"]
[BlackElo "2420"]

1.Nf3 c5 2.c4 Nf6 3.g3 b6 4.Bg2 Bb7 5.O-O e6 6.d4 cxd4 7.Qxd4 d6 8.Nc3 a6
9.b3 Nbd7 10.Bb2 Be7 11.e4 Rb8 12.Qe3 O-O 13.Nd4 Re8 14.Rae1 Bf8 15.Qd2 Qc7
16.Kh1 Rbd8 17.f4 Qb8 18.f5 Qa8 19.fxe6 fxe6 20.Re2 Nc5 21.Rfe1 Ng4 22.Qc2 Ne5
23.Rd1 Nc6 24.Nxc6 Bxc6 25.a4 Qb8 26.Ba3 b5 27.axb5 axb5 28.Bxc5 dxc5 29.cxb5 Bxb5
30.Nxb5 Qxb5 31.Bf1 Rxd1 32.Qxd1 Qc6 33.Re1 g6 34.Bc4 Bg7 35.Qg4 Bd4 36.Re2 Kg7
37.Ra2 Ra8 38.Rxa8 Qxa8 39.Qxe6 Qf8 40.Kg2 Qf2+ 41.Kh3 Qf6 42.Qg4  1/2-1/2

[Event "Lone Pine"]
[Site "Lone Pine"]
[Date "1980.??.??"]
[Round "2"]
[White "Kaplan, Julio P"]
[Black "Browne, Walter S"]
[Result "1/2-1/2"]
[WhiteElo "2475"]
[BlackElo "2540"]

1.Nf3 Nf6 2.c4 b6 3.g3 c5 4.Bg2 Bb7 5.O-O e6 6.b3 Be7 7.Bb2 O-O 8.Nc3 a6
9.e3 d6 10.d4 Nbd7 11.Qe2 Rc8 12.Rfd1 Rc7 13.d5 exd5 14.cxd5 b5 15.e4 Re8
16.Qc2 Bf8 17.Nd2 Bc8 18.a4 Rb7 19.axb5 axb5 20.b4 Ne5 21.bxc5 dxc5 22.Nf3 Nxf3+
23.Bxf3 Bd7 24.Bg2 b4 25.Nb1 b3 26.Qd3 Rb4  1/2-1/2

[Event "Lone Pine"]
[Site "Lone Pine"]
[Date "1980.??.??"]
[Round "7"]
[White "Frias, Victor J"]
[Black "Grefe, John A"]
[Result "1-0"]
[WhiteElo "2410"]
[BlackElo "2410"]

1.Nf3 Nf6 2.c4 b6 3.g3 c5 4.Bg2 Bb7 5.O-O e6 6.Nc3 a6 7.b3 Be7 8.Bb2 d6 9.d4 cxd4
10.Qxd4 O-O 11.Rfd1 Nbd7 12.Rac1 Qc7 13.Qf4 Rac8 14.e4 Qb8 15.Qe3 Rfe8 16.Nd4 Bf8
17.Qd2 Ba8 18.Kh1 Nc5 19.f3 Rcd8 20.Qc2 g6 21.b4 Ncd7 22.b5 Ne5 23.Qe2 axb5
24.cxb5 Rc8 25.f4 Nc4 26.Nc6 Bxc6 27.bxc6 Nxb2 28.Qxb2 Bg7 29.Nb5 d5 30.e5 Ng4
31.Qe2 h5 32.c7 Qa8 33.Nd6 Re7 34.Nxc8 Qxc8 35.Bf3 Rxc7 36.Rxc7 Qxc7 37.Bxg4 hxg4
38.Qxg4 Qc2 39.Qf3 Qxa2 40.Rc1 Bf8  1-0

[Event "Los Polvorines op"]
[Site "Los Polvorines"]
[Date "1980.??.??"]
[Round "?"]
[White "Taimanov, Mark E"]
[Black "Browne, Walter S"]
[Result "1/2-1/2"]
[WhiteElo "2510"]
[BlackElo "2540"]

1.Nf3 c5 2.g3 b6 3.Bg2 Bb7 4.O-O Nf6 5.c4 e6 6.b3 Be7 7.Bb2 O-O 8.Nc3 d5
9.cxd5 Nxd5 10.Rc1 Nd7  1/2-1/2

[Event "DEN-ch"]
[Site "Odense"]
[Date "1980.??.??"]
[Round "5"]
[White "Kristensen, Bjarke"]
[Black "Kristiansen, Jens"]
[Result "0-1"]
[WhiteElo "2295"]
[BlackElo "2430"]

1.Nf3 c5 2.c4 Nf6 3.g3 b6 4.Bg2 Bb7 5.O-O e6 6.b3 Be7 7.Bb2 O-O 8.Nc3 d6
9.d4 cxd4 10.Nxd4 Bxg2 11.Kxg2 a6 12.e4 Qc7 13.Qe2 Nc6 14.Rfd1 Rab8 15.Rd2 Rfc8
16.Rad1 Nxd4 17.Rxd4 Qb7 18.f3 Nd7 19.Ba1 h6 20.h3 Rc7 21.Kh2 Rbc8 22.R1d2 Ne5
23.f4 Nd7 24.Qd1 Nf6 25.e5 dxe5 26.fxe5 Nh7 27.h4 Bc5 28.R4d3 Nf8 29.Qg4 Bb4
30.a3 Bxc3 31.Bxc3 b5 32.Rd4 bxc4 33.bxc4 Qb3 34.Bb4 Rxc4 35.h5 Rxd4 36.Qxd4 Nh7
37.Qd7 Qc4 38.Rf2 Ng5 39.Bd2 Qc5 40.Be3 Qc7 41.Qd4 Rd8 42.Qb2 Rd5 43.Bxg5 hxg5
44.Re2 Qc4 45.Rf2 Qd4 46.Qb8+ Rd8 47.Qb2 Qe3 48.Qe2 Qxe2 49.Rxe2 Rd3 50.Kh3 Rxa3
51.Kg4 a5 52.Re1 Rb3 53.Rc1 Re3 54.Rc5 a4 55.Ra5 Re4+ 56.Kf3 Rb4 57.Ra7 g4+
58.Ke3 f5 59.exf6 gxf6 60.h6 f5 61.Kd3 Re4 62.Kd2 a3  0-1

[Event "ARG-ch"]
[Site "Quilmes"]
[Date "1980.??.??"]
[Round "6"]
[White "Giardelli, Sergio C"]
[Black "Cuasnicu, Oscar"]
[Result "1-0"]
[WhiteElo "2300"]
[BlackElo "2400"]

1.c4 Nf6 2.g3 e6 3.Nf3 b6 4.Bg2 Bb7 5.O-O c5 6.d4 cxd4 7.Qxd4 Nc6 8.Qf4 Be7
9.Nc3 O-O 10.Rd1 d6 11.b3 Qb8 12.Bb2 a6 13.Ng5 e5 14.Qd2 Nd4 15.Nge4 Nxe4
16.Nxe4 Bxe4 17.Bxe4 Ra7 18.e3 Ne6 19.Qc2 h6 20.Bd5 Qc8 21.f4 Bf6 22.Bg2 Qc5
23.Qe4 Re7 24.Rd5 Qb4 25.Qc2 Nc5 26.Bc3 Qa3 27.Rad1 exf4 28.Bxf6 gxf6 29.Rxd6 fxe3
30.Rxf6 Re6 31.Rxe6 Nxe6 32.Re1 Qc5 33.Qe2 Qa3 34.Bd5 Re8 35.Qxe3 Nc7 36.Be4 Qxa2
37.Qf4 Re7 38.Bh7+  1-0

[Event "URS-ch U26"]
[Site "Riga"]
[Date "1980.??.??"]
[Round "?"]
[White "Kengis, Edvins"]
[Black "Zaichik, Gennadi"]
[Result "1/2-1/2"]
[WhiteElo "2390"]
[BlackElo "2425"]

1.c4 Nf6 2.Nf3 b6 3.g3 c5 4.Bg2 Bb7 5.O-O e6 6.Nc3 Be7 7.d4 cxd4 8.Qxd4 O-O
9.b3 d6 10.Rd1 Nbd7 11.Bb2 a6 12.Qe3 Qc7 13.Nd4 Bxg2 14.Kxg2 Qb7+ 15.Qf3 Qxf3+
16.Kxf3 Rac8 17.Rac1 Rfd8 18.h3 h5 19.Kg2 Nc5 20.f4 d5 21.cxd5 exd5 22.Nf5 Bf8
23.Na4 Rc6 24.Nd4 Rc7 25.Nf5 Rc6 26.Nd4 Rc7 27.Nf5  1/2-1/2

[Event "URS-ch U26"]
[Site "Riga"]
[Date "1980.??.??"]
[Round "?"]
[White "Vladimirov, Evgeny"]
[Black "Gavrikov, Viktor"]
[Result "1-0"]
[WhiteElo "2440"]
[BlackElo "2365"]

1.Nf3 Nf6 2.g3 b6 3.Bg2 Bb7 4.O-O c5 5.c4 e6 6.b3 Be7 7.Bb2 O-O 8.e3 d6 9.Qe2 a6
10.Rd1 Nbd7 11.d3 b5 12.Nbd2 Qb6 13.e4 Rab8 14.d4 cxd4 15.Bxd4 Qd8 16.e5 dxe5
17.Nxe5 Qc7 18.Nxd7 Nxd7 19.Bxb7 Qxb7 20.cxb5 axb5 21.Ne4 b4 22.Rd3 Qc6 23.Rad1 Rb7
24.Qf3 Rc8 25.Qg4 g6 26.Qf4 f5 27.Nd2 e5 28.Bxe5 Nxe5 29.Qxe5 Bf6 30.Qf4 Re8
31.Nc4 Rbe7 32.Re3 Qa6 33.Rxe7 Rxe7 34.Ne3 Kg7 35.Nd5 Rd7 36.Qxb4 Qxa2 37.Qb6 Qb2
38.Qe6 Rd8 39.Re1 Bd4 40.Qe7+ Kh6 41.Qh4+ Kg7 42.Qe7+ Kh6 43.Ne3 Bf6 44.Qf7 Ra8
45.Nxf5+ gxf5 46.Re6 Ra6 47.Qf8+ Kg5 48.Qg8+ Bg7 49.Qd8+ Qf6 50.Rxf6 Bxf6
51.Qd2+ Kg6 52.Qd3  1-0

[Event "Rostock-B"]
[Site "Rostock"]
[Date "1980.??.??"]
[Round "?"]
[White "Neckar, Lubomir"]
[Black "Schurade, Matthias"]
[Result "0-1"]
[WhiteElo "2370"]
[BlackElo "2360"]

1.Nf3 Nf6 2.c4 e6 3.g3 b6 4.Bg2 Bb7 5.O-O c5 6.Nc3 Be7 7.d4 cxd4 8.Qxd4 O-O
9.Rd1 Nc6 10.Qf4 d6 11.b3 Qb8 12.Ng5 Ne5 13.Nge4 Rd8 14.Bb2 Ng6 15.Qe3 Nxe4
16.Bxe4 Bf6 17.Rab1 Ne7 18.Qf3 Bxe4 19.Nxe4 Bxb2 20.Rxb2 d5 21.Ng5 Rf8 22.Qd3 g6
23.Rbd2 Qe5 24.Nf3 Qf5 25.Qd4 dxc4 26.Qxc4 Rac8 27.Qh4 Nd5 28.Ng5 Nf6 29.Rd4 Rc5
30.Nf3 e5 31.R4d2 Rfc8 32.Qg5 Qxg5 33.Nxg5 Kg7 34.Kg2 e4 35.Nh3 e3 36.fxe3 Ng4
37.Rd3 Re8 38.Rb1 Nxe3+ 39.Kf3 Nc2 40.Ng1 Nb4 41.Rd2 a5 42.Kf2 Nd5 43.Rbb2 Ne3
44.Rb1 b5 45.Nf3 b4 46.Ra1 Nd5 47.a3 Nc3 48.axb4 axb4 49.Kf1 Rf5 50.Kg2 Re4
51.Re1 h5 52.Rd4 Re3 53.Ng1 Ne4 54.Nf3 Nf6 55.Nh4 Rb5 56.Rd3 Rbe5 57.Rxe3 Rxe3
58.Rb1 Rxe2+ 59.Kg1 Ng4 60.Ng2 Ne5 61.h3 Nf3+ 62.Kh1 g5 63.g4 hxg4 64.hxg4 Ne5
65.Rd1 Re4 66.Rd5 f6 67.Kh2 Nxg4+ 68.Kg3 Ne5 69.Kf2 Kg6 70.Ne1 Ng4+  0-1

[Event "SWE-ch"]
[Site "?"]
[Date "1980.??.??"]
[Round "?"]
[White "Ornstein, Axel"]
[Black "Kinnmark, Ove"]
[Result "1/2-1/2"]
[WhiteElo "2450"]
[BlackElo "2365"]

1.Nf3 Nf6 2.c4 e6 3.g3 b6 4.Bg2 Bb7 5.O-O c5 6.Nc3 Be7 7.d4 cxd4 8.Qxd4 O-O
9.e4 d6 10.Qe3 Qc7 11.b3 Nbd7 12.Bb2 Rfe8 13.h3 Bf8 14.Rfe1 Rad8 15.Nd4 Ne5
16.Rad1 Ng6 17.Qd2 Qb8 18.Re3 h5 19.Nde2 a6 20.Ba3 Qa8 21.Qb2 Bc6 22.Bb4 Rd7
23.Qc1 Rc8 24.Qb1 Rdd8 25.a4 Qb8 26.Red3 b5 27.cxb5 axb5 28.a5 h4 29.g4 Be7
30.R3d2 d5 31.Bxe7 Nxe7 32.exd5 Nfxd5 33.b4 Nxc3 34.Rxd8+ Rxd8 35.Nxc3 Bxg2
36.Kxg2 Ng6 37.Rxd8+ Qxd8 38.Qe4 Qd2 39.Ne2 Qa2 40.Nf4 Nxf4+ 41.Qxf4 Qc2
42.Qb8+ Kh7 43.Qb7 f5 44.Qf3 Qc8 45.gxf5 exf5 46.Qh5+ Kg8 47.Qxh4 Qc6+ 48.Kg1 Qd6
49.Qg3 Qxb4 50.a6 Qb1+ 51.Kh2 Qa2 52.Qb8+ Kh7 53.Qb6 b4 54.Kg3 b3 55.a7  1/2-1/2

[Event "CSR-ch"]
[Site "Trnava"]
[Date "1980.??.??"]
[Round "9"]
[White "Trapl, Jindrich"]
[Black "Novak, Ivan"]
[Result "1/2-1/2"]
[WhiteElo "2380"]
[BlackElo "2300"]

1.c4 Nf6 2.Nf3 c5 3.g3 b6 4.Bg2 Bb7 5.O-O e6 6.d4 cxd4 7.Qxd4 d6 8.b3 Be7
9.Nc3 Nbd7 10.Bb2 O-O 11.Nb5 Qb8 12.Rfd1 Rd8 13.Qe3 d5  1/2-1/2

[Event "CSR-ch"]
[Site "Trnava"]
[Date "1980.??.??"]
[Round "15"]
[White "Pribyl, Josef"]
[Black "Ftacnik, Lubomir"]
[Result "1/2-1/2"]
[WhiteElo "2390"]
[BlackElo "2470"]

1.Nf3 Nf6 2.c4 c5 3.g3 b6 4.Bg2 Bb7 5.O-O e6 6.b3 Be7 7.Bb2 a6 8.Nc3 O-O
9.e3 d5 10.cxd5 Nxd5 11.Nxd5 Bxd5 12.d4 Nd7 13.Qe2 Be4 14.Rfd1 Qc7 15.Rac1 Qb7
16.Ne1  1/2-1/2

[Event "Wroclaw-A"]
[Site "Wroclaw"]
[Date "1980.??.??"]
[Round "11"]
[White "Spiridonov, Nikola"]
[Black "Skrobek, Ryszard"]
[Result "1/2-1/2"]
[WhiteElo "2470"]
[BlackElo "2350"]

1.Nf3 Nf6 2.g3 b6 3.Bg2 Bb7 4.O-O c5 5.c4 e6 6.Nc3 Be7 7.d4 cxd4 8.Qxd4 d6
9.Rd1 a6 10.b3 Nbd7 11.Bb2 O-O 12.Ng5 Bxg2 13.Kxg2 Qc7 14.Nge4 Ne8 15.f3  1/2-1/2

[Event "Wroclaw-A"]
[Site "Wroclaw"]
[Date "1980.??.??"]
[Round "13"]
[White "Kubien, Jerzy"]
[Black "Tonchev, Miroslav"]
[Result "0-1"]
[WhiteElo "2310"]
[BlackElo "2460"]

1.Nf3 c5 2.c4 Nf6 3.g3 b6 4.Bg2 Bb7 5.O-O e6 6.b3 Be7 7.Bb2 O-O 8.d4 cxd4
9.Qxd4 d6 10.Nc3 a6 11.Rfd1 Nbd7 12.Rac1 Qb8 13.h3 Rc8 14.Qe3 b5 15.cxb5 axb5
16.b4 Bf8 17.a3 Nd5 18.Nxd5 Bxd5 19.Rxc8 Qxc8 20.Nd4 Bxg2 21.Kxg2 Ne5 22.Rc1 Qb7+
23.Kg1 Nc4 24.Qc3 e5 25.Nf5 d5 26.Qb3 d4 27.g4 Qa6 28.Ra1 Qa4 29.Qxa4 Rxa4
30.Bc1 f6 31.Kg2 Kf7 32.Kf3 Ke6 33.Rb1 g6 34.Ng3 Nxa3 35.Bxa3 Rxa3+ 36.Ke4 h5
37.e3 h4 38.Nf1 f5+ 39.gxf5+ gxf5+ 40.Kf3 e4+ 41.Kg2 d3 42.Nd2 Kd5 43.Nb3 Bg7
44.Kf1 Bc3 45.f3 Ra2 46.fxe4+ Kxe4 47.Rd1 Kxe3 48.Nc1 Rf2+ 49.Kg1 d2 50.Na2 Be5  0-1

[Event "Yerevan"]
[Site "Yerevan"]
[Date "1980.??.??"]
[Round "1"]
[White "Vadasz, Laszlo"]
[Black "Vitolinsh, Alvis"]
[Result "0-1"]
[WhiteElo "2500"]
[BlackElo "2430"]

1.Nf3 Nf6 2.c4 e6 3.g3 b6 4.Bg2 Bb7 5.O-O c5 6.Nc3 Be7 7.d4 cxd4 8.Qxd4 d6
9.Rd1 a6 10.Bg5 Nbd7 11.Nd2 Bxg2 12.Kxg2 Rc8 13.Nde4 Rc6 14.Nxf6+ Nxf6 15.Ne4 O-O
16.Nxf6+ Bxf6 17.Bxf6 Qxf6 18.Qxf6 gxf6 19.Rac1 Rfc8 20.Rc3 Kf8 21.Rd4 Ke7
22.Rb3 f5 23.Kf3 e5 24.Rh4 e4+ 25.Kf4 Rxc4 26.Kxf5 R8c5+ 27.Kf4 b5 28.Rxh7 a5
29.Re3 Rc2 30.Rxe4+ Re5 31.Rxe5+ dxe5+ 32.Ke3 Rxb2 33.Rh5 Kd6 34.f4 Rxa2
35.Rxe5 Rb2 36.Re8 a4 37.g4 a3 38.Ra8 b4 39.Kd4 a2 40.g5  0-1

[Event "Yerevan"]
[Site "Yerevan"]
[Date "1980.??.??"]
[Round "8"]
[White "Vaganian, Rafael A"]
[Black "Vitolinsh, Alvis"]
[Result "1/2-1/2"]
[WhiteElo "2590"]
[BlackElo "2430"]

1.Nf3 Nf6 2.c4 e6 3.g3 b6 4.Bg2 Bb7 5.O-O c5 6.Nc3 Be7 7.Re1 Ne4 8.Nxe4 Bxe4
9.d3 Bb7 10.e4 Nc6 11.d4 cxd4 12.Nxd4 O-O 13.b3 Nxd4 14.Qxd4 Bc5 15.Qc3 Qe7
16.Bb2 f5 17.exf5 Bxg2 18.Kxg2 Bb4 19.Qe5 Bxe1 20.Rxe1 Rae8 21.fxe6 dxe6
22.Qe4 Rf7 23.Rd1 Qb7 24.Qxb7 Rxb7 25.Be5 Ree7 26.b4 Red7 27.Rc1 Rd8 28.c5 bxc5
29.bxc5 Rc8 30.c6 Rb5 31.f4 Kf8 32.h4 g6 33.Kf3 h5 34.g4 Ra5 35.gxh5 gxh5
36.Rc2 Ke7 37.c7 Ra8 38.Ke4 Ra4+ 39.Ke3 a5 40.Rg2 Kd7 41.Rd2+ Ke8 42.Rg2  1/2-1/2

[Event "BCF-ch"]
[Site "Morecambe"]
[Date "1981.08.13"]
[Round "10"]
[White "Martin, Andrew D"]
[Black "Lee, Graham D"]
[Result "1/2-1/2"]
[WhiteElo "2345"]
[BlackElo "2360"]

1.Nf3 Nf6 2.c4 b6 3.g3 Bb7 4.Bg2 c5 5.O-O e6 6.Nc3 Be7 7.d4 cxd4 8.Qxd4 d6
9.Bg5 h6 10.Bxf6 Bxf6 11.Qf4 a6 12.Rfd1 e5 13.Qd2 Be7 14.Nd5 Bxd5 15.Qxd5 Ra7
16.Nd2 O-O 17.Ne4 Kh8 18.g4 Rd7 19.Ng3 g6 20.Rd3 Kh7 21.Rf1 Qc7 22.b3 a5
23.e3 Na6 24.Rd2 Nc5 25.f4 exf4 26.exf4 Qd8 27.Ne4 Nxe4 28.Bxe4 Bf6 29.Qd3 Kg7
30.Qf3 Qc7 31.Rd5 Re8 32.Re1 Rde7 33.Re2 a4 34.Qd3 axb3 35.axb3 b5 36.g5 hxg5
37.fxg5 Be5 38.Rxb5 Qd7 39.Qf3 Qa7+ 40.Kg2 Qa1 41.h4 Rh8 42.Kh3  1/2-1/2

[Event "Bochum"]
[Site "Bochum"]
[Date "1981.??.??"]
[Round "?"]
[White "Kunsztowicz, Uwe"]
[Black "Lobron, Eric"]
[Result "0-1"]
[WhiteElo "2460"]
[BlackElo "2405"]

1.Nf3 Nf6 2.c4 c5 3.g3 b6 4.Bg2 Bb7 5.O-O e6 6.Nc3 Be7 7.d4 cxd4 8.Qxd4 d6
9.Rd1 a6 10.b3 Nbd7 11.e4 O-O 12.Ba3 Nc5 13.e5 dxe5 14.Qxe5 Qc8 15.Na4 Ncd7
16.Qb2 Bxa3 17.Qxa3 b5 18.Nb2 Be4 19.Qd6 Qb7 20.Ne1 Nb6 21.Rac1 Rac8 22.Qe5 Bxg2
23.Nxg2 bxc4 24.Nxc4 Nxc4 25.Rxc4 Rxc4 26.bxc4 Qf3 27.Qd4 Rb8 28.Ne1 Qa8
29.c5 h6 30.Qa4 Rb5 31.Qc2 Qe4 32.Nd3 Rb8 33.Re1 Qd4 34.c6 Nd5 35.Rc1 g6
36.Rb1 Rxb1+ 37.Qxb1 Qc3 38.Qb8+ Kg7 39.Qb2 Qxb2 40.Nxb2 Kf6 41.f4 Ke7 42.Nc4 f6
43.Kf2 Kd8 44.Kf3 Kc7 45.g4 g5 46.fxg5 hxg5 47.a3 Kxc6 48.Ke4 Kc5 49.Nb2 Nb6
50.Kd3 a5 51.Kc3 Kd5 52.Kd3 Nd7 53.Ke2 Ne5 54.Na4 Nxg4 55.Nb6+  0-1

[Event "Elekes mem-A"]
[Site "Budapest"]
[Date "1981.??.??"]
[Round "?"]
[White "Szilagyi, Gyorgy"]
[Black "Schneider, Attila"]
[Result "1-0"]
[WhiteElo "2325"]
[BlackElo "2360"]

1.c4 c5 2.Nf3 Nf6 3.g3 b6 4.Bg2 Bb7 5.O-O e6 6.b3 Be7 7.Bb2 O-O 8.d4 cxd4
9.Qxd4 d6 10.Nc3 a6 11.Rfd1 Nbd7 12.Ne1 Bxg2 13.Nxg2 Qb8 14.Ne3 Rd8 15.Ne4 Nc5
16.Nxf6+ Bxf6 17.Qd2 Bxb2 18.Qxb2 b5 19.Rd4 Qb7 20.Rad1 bxc4 21.Nxc4 d5 22.b4 Ne4
23.Nd2 Nd6 24.Nf3 Rdc8 25.Rg4 f5 26.Rh4 Nc4 27.Qd4 Qxb4 28.Ng5 Qe7 29.Nxh7 Nd6
30.Qe3 Ne4 31.f3 f4 32.Rxf4 Nc3 33.Rd3 Nxe2+ 34.Qxe2 Kxh7 35.Rh4+ Kg8 36.Kg2 Re8
37.Rd2 Qg5 38.Qd3 Rf8 39.Re2 Rf6 40.Qh7+ Kf7 41.Rg4 Qh6 42.Qb1 Rf8 43.f4 Kg8
44.Qb7 Rg6 45.Rxg6 Qxg6 46.Qxa6 Rxf4 47.Rxe6 Qg4 48.Qe2 Qxe2+ 49.Rxe2 Ra4
50.Rf2 Kh7 51.Kf3 Kg6 52.Ke3 Kg5 53.Kd3 d4 54.Ke4 g6 55.Kd5 d3 56.h3 Ra3
57.Kc4 Ra8 58.Rd2 Kf5 59.Kxd3 Ra3+ 60.Kc4 Rxg3 61.Rd3 Rg2 62.a4 Ra2 63.Kb4 Ke4
64.Rb3 Kd5 65.Kb5 Kd6 66.Rg3 Kc7 67.Rxg6 Ra3 68.h4 Rb3+ 69.Kc5 Rc3+ 70.Kb4 Rh3
71.Rh6 Rh1 72.a5 Rc1 73.Kb5 Kb8  1-0

[Event "Copenhagen-ch"]
[Site "Copenhagen"]
[Date "1981.??.??"]
[Round "8"]
[White "Hvenekilde, Jorgen"]
[Black "Bjerring, Kai"]
[Result "1/2-1/2"]
[WhiteElo "2275"]
[BlackElo "2325"]

1.Nf3 Nf6 2.c4 b6 3.g3 Bb7 4.Bg2 c5 5.O-O e6 6.Nc3 Be7 7.a3 O-O 8.Qc2 Nc6
9.e3 Rc8 10.b3 d5 11.d3 Qd7 12.Ne2 Rfd8 13.Rd1 e5 14.Bb2 d4 15.e4 Nh5 16.Rf1 g6
17.Rae1 Rc7 18.Bc1 f5 19.Bh3 Bc8 20.Nd2 Bd6 21.f4 exf4 22.exf5 gxf5 23.Ne4 Be5
24.Nxf4 Nxf4 25.Bxf4 Qg7 26.Bxe5 Qxe5 27.Nc3 Qg7 28.Nd5 Rf7 29.Qd2 Rdf8 30.Qf4 Ne7
31.Bg2 Ng6 32.Qd6 Bb7 33.Nf4 Bxg2 34.Kxg2 Nxf4+ 35.Rxf4 Qg6 36.Qd5 Kg7 37.Re6 Rf6
38.Qe5 h5 39.h4 Kh6 40.Rxf5 Rxf5 41.Rxg6+ Kxg6 42.Qe4  1/2-1/2

[Event "EU-ch U20"]
[Site "Groningen"]
[Date "1981.??.??"]
[Round "1"]
[White "Sulava, Nenad"]
[Black "Condie, Mark L"]
[Result "1/2-1/2"]
[WhiteElo "2285"]
[BlackElo "2240"]

1.Nf3 Nf6 2.c4 e6 3.g3 b6 4.Bg2 Bb7 5.O-O c5 6.Nc3 Be7 7.b3 O-O 8.Bb2 d5
9.e3 dxc4 10.bxc4 Nc6 11.d3 a6 12.Rb1 Rb8 13.Qe2 Qc7 14.Ba1 Ba8 15.Rfd1 Rfd8
16.Ne1 Ne8 17.f4 Nd6 18.a4 Bf8 19.g4 Na7 20.Bxa8 Rxa8 21.Nf3 Rab8 22.g5 b5
23.axb5 axb5 24.cxb5 Naxb5 25.Nxb5 Rxb5 26.Rxb5 Nxb5 27.Ne5 Nd6 28.h4 c4
29.dxc4 Nf5 30.Rxd8 Qxd8 31.Bd4 Nxd4 32.exd4 Qxd4+ 33.Qf2 Qc3 34.Kg2 f6 35.gxf6 gxf6
36.Ng4 h5 37.Qe3 Qc2+ 38.Nf2 Qxc4 39.Qf3 Qd5 40.Ne4 Kf7 41.Ng3 Qxf3+ 42.Kxf3 Kg6
43.Ke4 Bb4 44.f5+ exf5+ 45.Nxf5 Be1  1/2-1/2

[Event "EU-ch U20"]
[Site "Groningen"]
[Date "1981.??.??"]
[Round "6"]
[White "Greenfeld, Alon"]
[Black "Condie, Mark L"]
[Result "1/2-1/2"]
[WhiteElo "2295"]
[BlackElo "2240"]

1.Nf3 Nf6 2.g3 b6 3.Bg2 Bb7 4.O-O e6 5.c4 c5 6.Nc3 Be7 7.d4 cxd4 8.Qxd4 d6
9.b3 a6 10.Ba3 Nc6 11.Qf4 Qc7 12.Rfd1 Ne5 13.Nxe5 dxe5 14.Qc1 Bxg2 15.Kxg2 O-O
16.Bxe7 Qxe7 17.Qe3 Qc7 18.Rd3 b5 19.cxb5 axb5 20.f3 b4 21.Nb5 Qc6 22.Qxe5 Ra5
23.Nd4 Qa6 24.Qe3 Nd5 25.Qd2 Ra3 26.e4 Nc3 27.Nc2 Rxa2 28.Rxa2 Nxa2 29.Rd8 Qb6
30.Rxf8+ Kxf8 31.Ne3 Nc3 32.Nc4 Qc7 33.Qd4  1/2-1/2

[Event "Hamburg op"]
[Site "Hamburg"]
[Date "1981.??.??"]
[Round "6"]
[White "Kirov, Nino"]
[Black "Stein, Bernd"]
[Result "1/2-1/2"]
[WhiteElo "2430"]
[BlackElo "2295"]

1.Nf3 c5 2.g3 b6 3.Bg2 Bb7 4.O-O Nf6 5.c4 e6 6.Nc3 Be7 7.d4 cxd4 8.Qxd4 d6
9.Rd1 a6 10.b3 Nbd7 11.e4 Qc7 12.Ba3 Nc5 13.e5 dxe5 14.Qxe5 Rc8 15.Qxc7 Rxc7
16.Ne5 Bxg2 17.Kxg2 Ncd7 18.Bxe7 Kxe7 19.Nxd7 Rxd7  1/2-1/2

[Event "Hradec Kralove"]
[Site "Hradec Kralove"]
[Date "1981.??.??"]
[Round "2"]
[White "Ftacnik, Lubomir"]
[Black "Ambroz, Jan"]
[Result "1-0"]
[WhiteElo "2525"]
[BlackElo "2485"]

1.Nf3 Nf6 2.c4 b6 3.g3 c5 4.Bg2 Bb7 5.O-O e6 6.Nc3 Be7 7.d4 cxd4 8.Qxd4 d6
9.Rd1 a6 10.b3 Nbd7 11.e4 O-O 12.Ba3 Nc5 13.e5 dxe5 14.Qxd8 Rfxd8 15.Nxe5 Bxg2
16.Kxg2 Bf8 17.Bxc5 bxc5 18.Na4 Rd6 19.Kf3 h5 20.h3 Ra7 21.g4 Rc7 22.Ke3 Be7
23.f4 hxg4 24.hxg4 Ne8 25.Nc3 g5 26.Ne4 gxf4+ 27.Kxf4 Rd4 28.Nf3 Rxd1 29.Rxd1 Kg7
30.g5 a5 31.Ne5 f5 32.gxf6+ Nxf6 33.Rg1+ Kf8 34.Ng6+ Kf7 35.Ne5+ Ke8 36.Nxf6+ Bxf6
37.Rg8+ Ke7 38.Ra8 Bg7 39.Rxa5 Bh6+ 40.Ke4 Bg7 41.Ra6 Bh6  1-0